00437pab a2200145 454500008004000000100001600040245011600056260000900172300001200181362000800193650001700201650003900218650001700257773001700274180718b2000 xxu||||| |||| 00| 0 eng d aGupta, K.N. aEnforcement officers of Mumbai themselves in the dock for alleged violation of human rights - a NHRc case study c2000 ap.13-19 aOct aCase studies aHuman rights - India - Maharashtra aHuman rights aCBI Bulletin